Plats avec des Carottes - Mort Subite - Statistiques

Statistiques générales
  • Ce quiz a été pris 117 fois
  • Le résultat moyen est 5 sur 16
Answers on the Grid
Answers color-coded by a green-red scale on the quiz's grid according to % correct below.
Délice de Bouddha
Gajar ka halwa
Bánh mì
Salade russe / Salade Olivier
Shepherd's pie
Morkovcha
Pot-au-feu
Soupe à la poulette grasse
Bœuf bourguignon
Coq au vin
Blanquette de veau
Tzimmes
Porkkanalaatikko
Húsleves
Cezerye
Gâteau aux carottes
Brownie
Moules à la provençale
Tartiflette
Yakitori
Bulgogi
Tzatziki
Sopa paraguaya
Spaghetti alla Nerano
Cacio e pepe
Prinzregententorte
Kalathappam
Šampita
 
Statistiques - réponses
Réponse % Correct
Gâteau aux carottes
79%
Pot-au-feu
76%
Bœuf bourguignon
75%
Blanquette de veau
69%
Coq au vin
56%
Soupe à la poulette grasse
36%
Bánh mì
34%
Salade russe / Salade Olivier
24%
Shepherd's pie
16%
Délice de Bouddha
10%
Porkkanalaatikko
10%
Gajar ka halwa
8%
Morkovcha
7%
Cezerye
4%
Húsleves
4%
Tzimmes
2%
Aucun quiz correspondant
Distribution des résultats
% des personnes avec chaque résultat
Percentile par nombre de réponses
Votre historique - résultats
Vous n’avez pas pris ce quiz